000 00578nam a22001937a 4500
999 _c167522
_d167522
005 20220215110054.0
010 _aENG-126443
020 _c199.00
_a978-93-87348-06-6
035 _aEN-109975
037 _bDBAD/PUB
082 _aN
100 _aKarthik, Ashwin
245 _aThe RELIC :
_bThe eternal search /
_cBy Ashwin Karthik [and] Madhava Sharma
260 _aU.P
_bMaple press
_c2017
270 _bNoida
_aA 62, Sector 58
_e201301
_k+911204553581
_k4553583
_minfo@maplepress.co.in
300 _a170p.
_c21cm(pbk)
650 _aEnglish Novel
942 _2ddc
_cEN
_hN
_mKAR